00873 2200253 4500001002100000005001500021035002500036007000300061008004100064020002200105040001700127082001600144084001800160090002200178090002200200130010900222245011800331260003600449300003400485650004400519850001200563999002200575990002200597INLIS00000000003458920191120102509 a0010-031800000000532ta180308s2017 yoi g l ind d a978-602-61870-6-2 aYOPDYOGbind04223a346.078 a346.078 IND u aDEP 346.078 IND u aCB-D.11 2017-2068 aINDONESIA. [Undang-undang No.37 tahun 2004 tentang kepailitan dan penundaaan kewajiban pembayaran utang]1 aUndang-undang Republik Indonesia nomor 37 tahun 2004 tentang kepailitan dan penundaaan kewajiban pembayaran utang aYogyakarta :bManuscript,c2017 a[viii], 171 halaman. ;c25 cm 4aBangkrut--vUndang-undang dan peraturan aYOPDYOG aCB-D.11/2017-2068 aCB-D.11/2017-2068